[Event "GER-ch Net qual3 U18"]
[Site "Playchess.com INT"]
[Date "2009.05.17"]
[Round "1"]
[White "Cofman, Veaceslav"]
[Black "Gropenbaum, Valeria"]
[Result "1-0"]
[WhiteElo "1925"]
[BlackElo "1417"]
[PlyCount "45"]
[EventDate "2009.05.17"]
[EventType "swiss (blitz)"]
[EventRounds "7"]
[EventCountry "GER"]
[SourceTitle "CBM 130 Extra"]
[Source "ChessBase"]
[SourceDate "2009.07.02"]
[SourceVersion "2"]
[SourceVersionDate "2009.07.15"]
[SourceQuality "1"]

1. Nf3 d5 2. d4 Nf6 3. Bf4 e6 4. e3 Be7 5. c3 b6 6. Nbd2 Bb7 7. Be2 0-0 8. 0-0 Ne4 9. Nxe4 dxe4 10. Nd2 f5 11. Qb3 Rf6 12. Bc4 Bd5 13. Bxd5 exd5 14. c4 c6 15. cxd5 cxd5 16. Rac1 Bd6 17. Qxd5+ Kh8 18. Bxd6 Na6 19. Nc4 Rc8 20. Qb5 Nc7 21. Bxc7 Rxc7 22. Ne5 Re7 23. Nc6 1-0